000 00463nam a2200157Ia 4500
005 20250630014520.0
008 240331s9999 xx 000 0 und d
020 _a9558027030
082 _bRAJ
_a1905
100 _aPathisana , O.V.R. tr
245 0 _aRajya sewawa tula stree purusha samajabhawaya muula pravahakaranaya sandaha kadinam athwelak
260 _aColombo
_bShakthi Gender Equality Project
_c2003
300 _a42 p .,
650 _aGender
942 _cL
999 _c1418
_d1418